00489nam a22001697a 450000500170000001000150001702000260003203500130005803700130007108200100008410000210009424500550011526000240017027000540019430000210024850000500026920100816115937.0 aENG-100573 a9788189012681c550.00 aEN-84106 bDBAD/PUB a302.2 aPushkar,Niranjan aDevelopmental communication /cby Niranjan Pushkar aDelhibGNOSISc2009 aE-35/103 Jawahar Park Laxmi Nagar bDelhie110092 ax,227pb21cm(Hb) aIncludes bibliographical references and index